[Event "EICC 2017"]
[Site "Minsk"]
[Date "2017.06.08"]
[Round "9"]
[White "Boruchovsky, Avital"]
[Black "Berkes, Ferenc"]
[Result "0-1"]
[WhiteElo "2557"]
[BlackElo "2654"]
[Annotator "TA"]
[PlyCount "100"]
[EventDate "2017.??.??"]
[EventCountry "BLR"]
[SourceTitle "playchess.com"]
[Source "ChessBase"]
[SourceQuality "1"]

{[%evp 9,100,46,37,4,6,-7,-2,-68,-70,-72,-28,-31,-16,-22,0,-12,29,12,8,5,29,-13,23,23,39,-1,14,-36,-37,-54,-52,-52,-52,-59,-7,-28,-26,-100,-92,-99,-97,-108,-102,-92,-107,-91,0,0,0,0,0,0,0,0,0,0,0,0,0,0,0,0,0,0,0,-78,-85,-418,-418,-397,-372,-376,-372,-347,-335,-427,-417,-5181,-506,-502,-490,-487,-487,-477,-477,-477,-464,-29966,-29963,-29969,-29971,-29972,-29974]} 1. e4 d6 2. d4 Nf6 3. Bd3 e5 4. c3 Nc6 5. d5 Ne7 6. Bg5 {B07: Pirc Defence: Miscellaneous Systems} (6. c4 Ng6 7. g3 Be7 8. Nc3 O-O 9. h4 Nd7 10. h5 Nh8 11. Be3 Bg5 12. Qd2 Bxe3 13. Qxe3 Nc5 {0-1 (61) Bologan,V (2640)-Zablotsky,S (2518) Sochi 2016}) 6... c6 7. Bxf6 $146 ({Predecessor:} 7. c4 Ng6 8. h3 Be7 9. Ne2 Nxd5 10. Bd2 Ndf4 11. Nxf4 Nxf4 12. Bf1 Ne6 13. Nc3 O-O {0-1 (56) Medunova,V (2120)-Manouck,T (2290) Ischia 1994}) 7... gxf6 8. Na3 (8. c4 $11) 8... f5 $15 9. Nc4 Bg7 10. exf5 Nxd5 ({Much worse is} 10... Bxf5 $6 11. dxc6 Bxd3 12. Qxd3 $14) 11. Ne2 Nf6 (11... b5 $5 {[%cal Rb5c4]} 12. Nd2 O-O $11) 12. Bc2 Ke7 13. Qd2 b5 14. Ne3 h5 15. f4 Bb7 (15... Bh6 $5 {[%cal Re5f4]} 16. O-O Qb6 $11) 16. O-O-O Qc7 17. c4 a6 18. c5 d5 $1 19. fxe5 Qxe5 20. Nd4 Kf8 {Hoping for ...Bh6.} 21. Rhe1 Qxh2 (21... Bh6 $1 $15 22. Kb1 Qxh2) 22. Kb1 Re8 23. Qa5 (23. Ne6+ $1 $11 fxe6 24. fxe6) 23... Qb8 $17 24. Re2 h4 25. Rf1 h3 26. gxh3 Rxh3 27. Qd2 Qg3 (27... Bh6 $17 28. Ne6+ fxe6 29. fxe6 Rxe6) 28. Ne6+ $1 $11 fxe6 29. fxe6 Qg5 {Strongly threatening ...Bc8.} 30. Qe1 $1 {Nf5 is the strong threat.} Rxe6 31. Nf5 $1 Rxe2 $1 32. Qxe2 {[#]} Ne4 $1 {[%cal Re4d2]} 33. Bxe4 dxe4 34. Qxe4 Rh2 ({Wrong is} 34... Qf6 $2 35. Ne3 $18) 35. Nxg7+ Kxg7 36. Qd4+ Kg8 {And now ...Bc8 would win.} 37. Rg1 (37. Qe4 $11 Kg7 38. Qd4+ Kg8 39. Qe4 Kg7) 37... Rg2 $17 38. Rh1 $2 {[%mdl 8192]} (38. Rxg2 $17 Qxg2 39. Qd8+ Kf7 40. Qd7+ Kf6 41. Qxb7) 38... Qf5+ $19 39. Ka1 Kf7 40. Qd6 {[#]} Bc8 $1 41. Qxc6 {[#]} Rf2 $1 {[%cal Rf2f1]} 42. Qc7+ Bd7 {( -> ...Rf1+)} 43. a4 (43. a3 $142) 43... Rf1+ (43... Qg4 $142 44. Qxd7+ Qxd7 45. Rh7+ Ke8 46. Rxd7 Kxd7 47. axb5 axb5 48. b4 Kc6 49. Kb1 Rf4 50. Kc2 Rxb4 51. Kd2 Kxc5 52. Ke3 Rd4 53. Kf2 b4 54. Ke2 b3 55. Kf2 b2 56. Kf3 b1=Q 57. Ke3 Qe4+ 58. Kf2 Rd2+ 59. Kg3 Rg2+ 60. Kh3 Qg4#) 44. Rxf1 Qxf1+ 45. Ka2 Qc4+ 46. Kb1 Qd5 47. Kc1 Ke6 48. b4 (48. b3 $19) 48... Kf5 {Black mates.} 49. Qd8 Bc6 50. Qf8+ Ke4 {Precision: White = 41%, Black = 68%.} 0-1

[Event "EICC 2017"]
[Site "Minsk"]
[Date "2017.06.08"]
[Round "9"]
[White "Ruck, Robert"]
[Black "Grib, Roman"]
[Result "1/2-1/2"]
[WhiteElo "2557"]
[BlackElo "2415"]
[Annotator "TA"]
[PlyCount "173"]
[EventDate "2017.??.??"]
[EventCountry "BLR"]
[SourceTitle "playchess.com"]
[Source "ChessBase"]
[SourceQuality "1"]

{[%evp 14,172,30,45,59,46,57,54,54,57,54,56,51,35,39,39,57,57,57,52,75,75,87,84,61,43,61,64,75,72,70,55,54,59,98,100,101,93,98,0,24,33,138,138,138,138,178,178,202,193,202,202,208,198,235,178,185,185,185,105,163,166,166,158,160,160,185,185,212,214,162,193,252,243,252,252,252,245,258,244,252,252,252,252,244,245,250,244,226,0,195,139,427,427,243,234,29955,29954,29945,10380,5081,162,162,162,162,162,162,162,162,162,162,162,162,162,162,162,162,162,162,162,162,0,162,0,162,8,8,8,8,8,8,0,8,8,53,8,8,8,8,8,8,8,8,0,0,0,0,0,0,0,0,0,0,0,0,0,0,0,0,0,0]} 1. c4 Nf6 2. Nf3 c5 3. Nc3 Nc6 4. g3 d5 5. d4 cxd4 6. Nxd4 e5 {A34: Symmetrical English: 2 Nc3, lines with ...d5} 7. Nxc6 bxc6 8. Bg2 {LiveBook: 5 Games} d4 {White is slightly better.} (8... Rb8 9. O-O Be6 10. Qa4 Qd7 11. cxd5 cxd5 12. Qxd7+ Kxd7 13. Rd1 d4 14. e3 Bc5 15. Na4 Bb6 16. Nxb6+ Rxb6 17. exd4 e4 18. d5 Bg4 19. Rd4 Rc8 {½-½ (32) Nakamura,H (2785)-Anand,V (2786) Stavanger 2017}) 9. Bxc6+ Bd7 10. Bxa8 Qxa8 11. Nd5 $1 {[%cal Rd5c7]} Nxd5 12. cxd5 Qxd5 {[#] ( -> ...Bb4+)} 13. f3 $146 ({Predecessor:} 13. O-O Bd6 14. Qb3 Qc6 15. Qf3 Qxf3 16. exf3 {1-0 (29) Wettstein,K (2212)-Soulas,P (2188) ICCF email 2007}) 13... Bc5 14. Qb3 Qd6 15. Bd2 O-O 16. Rc1 Rb8 17. Qc4 Bb6 18. O-O h5 19. Kg2 Be6 20. Qc6 Qe7 21. a4 a5 22. Qb5 Bc7 23. Qc5 $1 {[%cal Rc5e7]} Qxc5 24. Rxc5 Rxb2 {aiming for ...Bb6.} 25. Rxc7 Rxd2 $14 {[%mdl 4096] Endgame KRR-KRB} 26. Rf2 (26. Kf2 $16) 26... Ra2 27. Rc5 e4 (27... f6 $14) 28. fxe4 $16 Rxa4 29. Rxh5 Ra1 30. Rf1 Ra2 31. Kf3 Bc4 32. Re1 a4 33. Rc5 Rc2 {Black wants to play ...Bxe2+.} 34. Ra5 Rc3+ 35. Kf4 a3 36. Ke5 ({Better is} 36. Rd1 $18) 36... d3 (36... a2 $16 {is a better defense.} 37. Kxd4 Rc2) 37. Kd4 $18 d2 38. Rd1 Rc2 39. Ke3 a2 40. Rxd2 Rc1 41. Raxa2 Bxa2 42. Rxa2 {KR-KR} Rc5 (42... Kf8 $142 43. Ra7 g5) 43. Ra7 Rc3+ 44. Kf4 Rc2 45. Kf3 Rc5 46. Rd7 Kf8 47. h4 Ke8 48. Ra7 Kf8 49. g4 g6 50. Kf4 Rc2 51. Kf3 $2 ({White should play} 51. Ra8+ $18 Kg7 52. Kf3) 51... Rc1 $2 (51... Rc5 $1 $11 {and Black stays safe.}) 52. e5 Rf1+ $2 {[%mdl 8192]} (52... Rh1 $16 53. Kg3 Re1 54. Ra8+ Ke7) 53. Ke4 Rh1 {[#]} 54. e6 $1 f5+ $2 (54... fxe6 $18 55. Ke5 Rxh4) 55. gxf5 gxf5+ 56. Ke5 (56. Kd5 $142 Rxh4 57. e4 Rxe4 58. Rh7 Kg8 59. Rf7 Ra4 60. Ke5 (60. Rxf5 Ra5+ 61. Ke4 Ra7 $11) 60... Ra8 61. Kf4 (61. Kxf5 Ra1 $18) (61. Rxf5 Ra7 $11)) 56... Rxh4 57. e3 $2 (57. e4 fxe4 58. Kd6) 57... Rh1 58. Rb7 Rh2 59. Rf7+ Ke8 60. Rg7 Rh1 61. Kf6 {[%cal Rg7g8]} Rh6+ 62. Rg6 (62. Kxf5 $6 Kf8 $14) 62... Rh8 63. Rg1 {Hoping for e7.} Rh6+ 64. Ke5 {And now Kd6 would win.} ({Don't play} 64. Kxf5 $6 Ke7 $14) 64... Rh2 65. Rg8+ Ke7 66. Rg7+ Ke8 67. Kf6 {[%cal Rg7g8]} Rh6+ 68. Rg6 Rh8 69. e7 $2 ({Much less strong is} 69. Kxf5 $6 Rh2 $14) (69. Rg2 $18 {Threatens to win with e7.} Rh6+ 70. Rg6 (70. Kxf5 Rh1 $14)) 69... Kd7 $11 70. Rg7 Rh6+ $1 71. Kf7 Rh8 72. Kf6 Rh6+ $1 73. Kxf5 Ke8 74. e4 Ra6 {The position is equal.} 75. Ke5 Ra5+ (75... Re6+ $5 76. Kf5 Rh6 $14) 76. Kf6 Ra6+ 77. Kf5 Rb6 78. Rg6 Rxg6 79. Kxg6 Kxe7 {KP-K} 80. Kf5 {Threatening mate with Ke5.} Kf7 81. Ke5 {White wants to mate with Kd6.} Ke7 82. Kd5 {White threatens Ke5 and mate.} Kd7 83. e5 {[%cal Be4e5,Be5e6,Be6e7][%mdl 32]} Ke7 84. e6 Ke8 85. Kd6 {Intending e7 and mate.} Kd8 86. e7+ Ke8 87. Ke6 $2 {[%mdl 8192] Precision: White = 66%, Black = 50%.} (87. Kd5 Kxe7) 1/2-1/2

[Event "EICC 2017"]
[Site "Minsk"]
[Date "2017.06.08"]
[Round "9"]
[White "Danin, Alexandre"]
[Black "Edouard, Romain"]
[Result "1-0"]
[WhiteElo "2551"]
[BlackElo "2640"]
[Annotator "TA"]
[PlyCount "121"]
[EventDate "2017.??.??"]
[EventCountry "BLR"]

{[%evp 32,121,49,33,37,7,32,15,14,17,17,13,24,18,17,0,25,0,42,0,0,11,0,0,15,0,14,16,25,0,0,0,0,0,0,0,0,0,31,22,69,61,68,67,65,66,106,106,106,108,109,71,101,97,108,104,109,93,94,92,128,91,96,70,82,83,64,61,351,102,102,102,107,97,140,139,147,145,821,759,29989,2117,29989,29985,29985,0,29989,0,29985,29986,29991,29992]} 1. e4 c5 2. Nf3 d6 3. d4 cxd4 4. Nxd4 Nf6 5. f3 Nc6 6. c4 g6 7. Nc3 Bg7 8. Be3 O-O 9. Qd2 Nxd4 10. Bxd4 Bd7 11. Be2 Bc6 12. O-O Nd7 13. Be3 a5 14. b3 Nc5 15. Rab1 e6 16. Rfd1 {B38: Sicilian: Maroczy Bind with 5...Bg7 and 7...0-0} Be5 17. Bf2 {LiveBook: 4 Games} (17. g3 Qe7 18. Rbc1 Rad8 19. Re1 b6 20. Bf1 Qb7 21. Bg5 Rd7 22. Bh6 Bg7 23. Rcd1 Bxh6 24. Qxh6 f5 25. Bh3 fxe4 26. fxe4 Rdd8 27. Qe3 {½-½ (27) Rodshtein,M (2689)-Mista,A (2593) Drancy 2016}) 17... Qf6 18. Rbc1 {White is slightly better.} Rfd8 19. Bf1 b6 $146 ({Predecessor:} 19... Bf4 20. Be3 Bxe3+ 21. Qxe3 Qe7 22. Rd2 b6 23. Rcd1 f6 {1-0 (52) Jakovljevic,V (2419)-Kelecevic,N (2371) Vogosca 2007}) 20. Be3 Rd7 21. Bg5 Qg7 22. Bh6 Qf6 23. Bg5 Qg7 24. Qe3 Re8 25. Kh1 (25. Bh6 $5 {[%cal Rh6g7]} Qf6 26. g3 $11) 25... f5 26. exf5 gxf5 27. Bf4 Red8 28. Ne2 (28. Bh6 $5 {[%cal Rh6g7]} Qg6 29. Bg5 $11) 28... Bxf4 29. Qxf4 Qg6 30. Ng3 h6 31. Qe3 Rg7 32. Ne2 e5 33. Nc3 f4 34. Qf2 Kh8 35. Rd2 Rf8 36. Rcd1 Rf6 37. Bd3 Nxd3 38. Rxd3 e4 39. Nxe4 Bxe4 40. fxe4 Qxe4 41. Qf3 ({Of course not} 41. Rxd6 $6 Rxd6 42. Rxd6 f3 $11) 41... Qg6 42. Rd4 Rgf7 43. Re4 Kh7 44. Rde1 Qf5 45. a4 h5 46. Re8 h4 47. Qa8 {Hoping for Rh8+.} f3 48. Rh8+ Kg6 49. Rxh4 {[#] Qg8+ is the strong threat.} d5 $2 {[%mdl 8192]} (49... Rf8 $1 $14 50. Qxf3 Qxf3 51. gxf3 Rxf3) 50. Qxd5 $2 (50. Qg8+ $18 {is the precise move to win.} Rg7 51. Qe8+ (51. Qxd5 Qxd5 52. cxd5 Re7 $16) 51... Rgf7 52. h3) 50... Qxd5 $16 51. cxd5 $18 {[%mdl 4096] Endgame KRR-KRR} Re7 {[%cal Re7e1]} 52. Rf1 (52. Rxe7 $2 {is the wrong capture.} f2 $19) 52... Re3 53. Rd4 Rxb3 54. d6 Rb2 $2 {[%mdl 8192] [#]} (54... Rb4 $16 55. Rd2 Rf8) 55. gxf3 Re6 56. Rg1+ (56. d7 $142 Ree2 57. Rg4+ Kf5 58. d8=Q Rbd2 59. Qg5+ Ke6 60. Qh6+ Ke5 61. Rg5+ Kd4 62. Qd6+ Kc3 63. Qc6+ Kb4 64. Rb5+ Kxa4 65. Qc4+ Ka3 66. Qb3#) 56... Kf5 57. Rd5+ Kf4 58. Rd4+ Kf5 $1 {intending ...Ree2.} 59. Rd5+ Kf4 $1 60. d7 Kxf3 61. Rd3+ {Precision: White = 46%, Black = 48%.} 1-0

[Event "EICC 2017"]
[Site "Minsk"]
[Date "2017.06.08"]
[Round "9"]
[White "Kunin, Vitaly"]
[Black "Sjugirov, Sanan"]
[Result "1-0"]
[WhiteElo "2551"]
[BlackElo "2654"]
[Annotator "TA"]
[PlyCount "57"]
[EventDate "2017.??.??"]
[EventCountry "BLR"]
[SourceTitle "playchess.com"]
[Source "ChessBase"]
[SourceQuality "1"]

{[%evp 33,57,6,22,0,67,69,62,0,92,87,176,153,156,36,191,181,179,183,264,119,356,356,556,554,2418,2106]} 1. d4 Nf6 2. c4 e6 3. Nf3 b6 4. a3 Bb7 5. Nc3 d5 6. cxd5 Nxd5 7. Qc2 Be7 8. e4 Nxc3 9. bxc3 O-O 10. Bd3 c5 11. O-O cxd4 12. cxd4 Qc8 13. Qe2 {E12: Queen's Indian: Unusual White 4th moves, 4 a3, 4 Nc3 Bb7 5 a3 and 4 Nc3 Bb7} Ba6 14. Rd1 (14. Bg5 Bxg5 15. Nxg5 h6 16. Nf3 Bxd3 17. Qxd3 Qa6 18. Qe3 Nd7 19. d5 exd5 20. exd5 Rfe8 {½-½ (29) Wojtaszek,R (2715)-Eljanov,P (2723) Dubai 2014}) 14... Bxd3 15. Rxd3 Nd7 16. e5 Re8 17. Bg5 Nf8 {LiveBook: 6 Games} 18. Rad1 Qc4 $146 (18... Ng6 $11) ({Predecessor:} 18... Ng6 19. Bxe7 Rxe7 20. g3 h6 21. Nd2 {½-½ (33) Muzyka,N (2352)-Rauduve,A (2328) ICCF email 2011}) 19. Bxe7 Rxe7 20. Ng5 ({White should try} 20. h4 $14) 20... Rc8 (20... Rd8 $11 {remains equal.}) 21. Ne4 $16 Qc6 (21... Rd8 $16) 22. Qg4 Ng6 23. Nd6 ({Better is} 23. Rc3 $16 Qa8 24. Rxc8+ Qxc8 25. h4) 23... Rcc7 $2 {[#]} (23... Rf8 $1 $14) 24. h4 $1 $36 {[%mdl 2048] Keeping Black busy.} h5 25. Qg5 Qc2 (25... Red7 $142 26. g4 Rxd6) 26. Ne4 (26. g4 $18 {is more deadly.}) 26... Qe2 $2 {[#]} (26... Red7 $16) 27. Nf6+ $1 {[%mdl 512]} Kf8 (27... gxf6 {was called for.} 28. exf6 Qg4) 28. R3d2 Qa6 29. d5 {Precision: White = 48%, Black = 16%.} 1-0

[Event "EICC 2017"]
[Site "Minsk"]
[Date "2017.06.08"]
[Round "9"]
[White "Sadzikowski, Daniel"]
[Black "Swiercz, Dariusz"]
[Result "1/2-1/2"]
[WhiteElo "2548"]
[BlackElo "2649"]
[Annotator "TA"]
[PlyCount "36"]
[EventDate "2017.??.??"]
[EventCountry "BLR"]
[SourceTitle "playchess.com"]
[Source "ChessBase"]
[SourceQuality "1"]

{[%evp 32,36,14,14,78,0,79]} 1. e4 c5 2. Nf3 e6 3. d4 cxd4 4. Nxd4 Nc6 5. Nc3 Qc7 6. Be2 Nf6 7. Be3 a6 8. O-O Be7 9. f4 d6 10. Kh1 O-O 11. Qe1 Nxd4 12. Bxd4 b5 13. Qg3 Bb7 14. a3 Rad8 15. Rae1 {B85: Sicilian Scheveningen: 6 Be2 a6, lines with early Be3} Rd7 16. Bd3 Qd8 17. Qh3 {[#] LiveBook: 30 Games} Ne8 $146 (17... Re8 $11) ({Predecessor:} 17... g6 18. f5 e5 19. Be3 Re8 20. fxg6 hxg6 21. Nd5 Nxd5 22. Rxf7 Kxf7 {1-0 (36) Wei,Y (2724)-Bruzon Batista,L (2669) Danzhou 2015}) 18. Nd5 (18. Be3 $16) 18... h6 (18... exd5 $11 {keeps the balance.} 19. e5 f5) 1/2-1/2

[Event "EICC 2017"]
[Site "Minsk"]
[Date "2017.06.08"]
[Round "9"]
[White "Petrosyan, Manuel"]
[Black "Zarubitski, Viachaslau"]
[Result "1-0"]
[WhiteElo "2546"]
[BlackElo "2325"]
[Annotator "TA"]
[PlyCount "65"]
[EventDate "2017.??.??"]
[EventCountry "BLR"]
[SourceTitle "playchess.com"]
[Source "ChessBase"]
[SourceQuality "1"]

{[%evp 16,65,12,-1,9,0,17,15,69,59,59,60,62,70,81,64,101,81,73,43,37,33,85,75,141,131,206,202,240,245,251,247,233,155,266,266,272,258,256,252,344,327,324,313,329,326,808,800,1097,1095,1079,1072]} 1. d4 d5 2. Bf4 Nf6 3. e3 c5 4. c3 Nc6 5. Nd2 e6 6. Ngf3 Bd6 7. Bg3 O-O 8. Bb5 {D02: 1 d4 d5 2 Nf3 sidelines, including 2...Nf6 3 g3 and 2...Nf6 3 Bf4} a6 9. Bd3 {LiveBook: 4 Games} Qe7 $146 ({Predecessor:} 9... b6 10. e4 Be7 11. dxc5 bxc5 12. O-O Nh5 13. Ne5 Nxe5 14. Bxe5 g6 15. Re1 Bf6 16. exd5 exd5 {1-0 (61) Grischuk,A (2774)-Karjakin,S (2762) Berlin 2015}) 10. Ne5 {The position is equal.} Nd7 11. Nxd7 Bxd7 (11... Qxd7 $11 12. O-O (12. Bxd6 Qxd6 13. O-O e5 $11) 12... c4) 12. Bxd6 $14 Qxd6 13. dxc5 Qe7 14. O-O $40 {[%mdl 128] White has some attack.} e5 15. b4 (15. Bc2 {seems wilder.} Rfd8 16. Nb3 Be6 17. Qe2 f6 18. f4) 15... Rad8 16. a3 (16. Nb3 {looks sharper.} Rfe8 17. Bc2 Qh4 18. Qd2 e4 19. f4) 16... e4 17. Be2 Qg5 18. Kh1 Ne5 (18... Rfe8 $14) 19. Qc2 Rfe8 ({Black should play} 19... Bg4 20. Nb3 f5) 20. c4 $16 Bg4 (20... Be6 $16) 21. Bxg4 $18 Nxg4 22. h3 Qh4 23. Kg1 Nf6 24. Rfd1 Re5 (24... d4 $16) 25. cxd5 Rg5 {[#] Threatens to win with ...Qxh3.} 26. f4 Rgxd5 27. Nc4 g5 28. fxg5 Qxg5 29. Rxd5 Rxd5 30. Rf1 Rd3 $2 {[#]} (30... Rf5 31. Rxf5 Qxf5) 31. Qf2 {White is clearly winning.} Kg7 32. h4 Qh6 33. Nd6 {Precision: White = 76%, Black = 18%.} 1-0

[Event "EICC 2017"]
[Site "Minsk"]
[Date "2017.06.08"]
[Round "9"]
[White "Sedlak, Nikola"]
[Black "Korobov, Anton"]
[Result "1-0"]
[WhiteElo "2543"]
[BlackElo "2688"]
[Annotator "TA"]
[PlyCount "131"]
[EventDate "2017.??.??"]
[EventCountry "BLR"]
[SourceTitle "playchess.com"]
[Source "ChessBase"]
[SourceQuality "1"]

{[%evp 21,131,18,33,37,33,41,33,33,35,35,27,18,25,23,20,18,20,24,35,32,33,31,37,35,45,53,61,63,59,50,71,72,69,22,85,83,85,91,129,141,145,36,31,27,34,27,35,8,65,67,64,60,97,75,60,88,288,281,366,393,386,386,379,329,375,370,316,330,348,348,947,905,979,476,791,1054,1216,1169,1054,1059,722,458,335,122,125,117,298,141,515,556,706,655,29965,29965,29971,29972,29961,29961,29972,29972,29978,29976,29980,29981,29981,29982,29982,29983,29983,29984,29984,29985]} 1. e4 c5 2. Nf3 d6 3. Bb5+ Nd7 4. d4 cxd4 5. Qxd4 a6 6. Bxd7+ Bxd7 7. c4 {B51: Sicilian: Moscow Variation (3 Bb5+) without 3...Bd7} (7. Nc3 Rc8 8. O-O e5 9. Qb4 b5 10. a4 a5 11. Qb3 b4 12. Nd5 Be6 13. Ng5 Be7 14. Nxe6 fxe6 15. Nxe7 Qxe7 {½-½ (40) Shirov,A (2664)-Artemiev,V (2682) Sochi 2017}) 7... e5 8. Qd3 b5 9. Nc3 bxc4 10. Qxc4 Qc8 11. Qd3 h6 {LiveBook: 7 Games} 12. O-O Nf6 13. Nd2 $146 ({Predecessor:} 13. b3 Be6 14. Rd1 Be7 {0-1 (79) Zadruzny,N (2251)-Sagit,R (2369) Stockholm 2014}) 13... Be6 14. b3 Be7 15. Ba3 O-O 16. Rac1 Qb7 17. Nc4 {[%cal Bd2c4,Bc4e3,Be3d5,Bd5e7][%mdl 32]} Rfd8 18. Ne3 Rac8 19. h3 Kh8 20. Rfd1 {[%cal Bf1d1,Bd1c1,Bc1c7][%mdl 32]} Kg8 21. Ncd5 Nxd5 22. Nxd5 Bg5 23. Rxc8 Qxc8 24. Rc1 Qa8 {Hoping for ...Bxd5.} 25. Rc7 a5 26. Qc4 Bd2 27. Ne7+ Kh7 (27... Kh8 $11 28. Qc6 Bb4 29. Bxb4 axb4) 28. Qc2 $1 $16 {[%cal Rc2d2]} Bg5 29. Nd5 $1 f5 30. f4 Bh4 31. Bb2 (31. fxe5 $1 $16 Bxd5 32. exd5 Qxd5 33. Qxf5+ Kh8 34. Bxd6 (34. Qg4 Bg5 $16)) 31... Bxd5 $14 32. exd5 Qxd5 33. fxe5 Qe6 34. Qc4 (34. Qc3 $5 {[%cal Re5d6]} d5 35. Rc5 $14 (35. Qxa5 d4 $11)) 34... d5 ({Better is} 34... Qxc4 $11 35. Rxc4 Bg3 36. exd6 Rxd6) 35. Qc6 $1 {[%cal Rc6e6]} Qxc6 36. Rxc6 {[%mdl 4096] Endgame KRB-KRB} d4 {With the idea ...d3.} 37. Rd6 Rxd6 38. exd6 $16 {KB-KB} d3 $2 (38... Bf6 $16 {was worth a try.}) 39. Bc3 $18 Kg6 40. Bxa5 Kf7 41. Kf1 Ke6 42. Bb4 $1 Kd7 43. a4 {[%cal Ba2a4,Ba4a5,Ba5a6][%mdl 32]} Kc6 44. a5 $1 h5 {[#]} 45. g3 $1 {[%mdl 512]} Bxg3 $2 (45... Bd8 46. Kf2 Kb5) 46. a6 Bh4 {[#]} 47. Be1 (47. d7 $142 $1 {[%mdl 512]} f4 (47... Kxd7 48. a7) 48. Bd2) 47... d2 (47... Bf6 $142 48. d7 f4) 48. Bxd2 Kb6 49. Bc3 $1 {[%cal Rc3g7]} Kxa6 50. Bxg7 Kb6 51. Ke2 Kc6 52. Be5 $2 (52. Bf8 $1 $18 {is the precise move to win.}) 52... Bg5 53. Kf3 Bd2 $2 {[#]} (53... Kd7 $16) 54. Bf4 (54. Kg3 $1 $18 {and the rest is easy.} Kd7 55. Bf4 Be1+ 56. Kf3) 54... Bb4 $2 {[%mdl 8192] [#]} (54... Ba5 $16 55. Ke2 Bd8) 55. Ke3 $1 {[%cal Re3d4]} h4 56. Kd4 Bc5+ 57. Ke5 {White mates.} Bxd6+ 58. Kxf5 Bc5 59. Bg5 Kb5 60. Bxh4 Kb4 61. Be1+ Kxb3 62. h4 {[%cal Bh3h4,Bh4h5][%mdl 32]} Kc4 63. h5 Bf8 64. Kg6 Kd3 65. Bh4 Ke4 66. Bf6 {Precision: White = 74%, Black = 29%.} 1-0

[Event "EICC 2017"]
[Site "Minsk"]
[Date "2017.06.08"]
[Round "9"]
[White "Macieja, Bartlomiej"]
[Black "Meribanov, Vitaly"]
[Result "1-0"]
[WhiteElo "2530"]
[BlackElo "2385"]
[Annotator "TA"]
[PlyCount "63"]
[EventDate "2017.??.??"]
[EventCountry "BLR"]
[SourceTitle "playchess.com"]
[Source "ChessBase"]
[SourceQuality "1"]

{[%evp 20,63,64,64,87,74,69,91,75,64,66,37,55,73,72,33,78,53,275,288,376,381,453,440,444,440,449,444,431,447,442,438,511,497,689,688,814,772,952,949,1427,1407,29954,29946,29994,29995]} 1. e4 e5 2. Nf3 Nc6 3. Bb5 a6 4. Ba4 Nf6 5. O-O b5 6. Bb3 Bb7 7. c3 Nxe4 8. d4 Be7 9. Qe2 {C78: Ruy Lopez: Archangelsk and Möller Defences} d5 10. dxe5 Na5 11. Bc2 {LiveBook: 3 Games. White is slightly better.} c5 12. Rd1 Qb6 13. Nbd2 Nxd2 14. Bxd2 O-O $146 ({Predecessor:} 14... Nc4 15. Bc1 Qe6 16. Re1 O-O {1-0 (26) Giuliani,S (2601)-Petrillo,M (2452) ICCF corr 2000}) 15. Ng5 Bxg5 16. Bxg5 {Black must now prevent Bf6!} Rfe8 17. Bf4 Qe6 18. Qh5 $40 {[%mdl 128] White attacks.} h6 $2 (18... g6 $1 $14 19. Qh6 Qe7) 19. Rd3 $1 $18 Nc4 {[#]} 20. Rg3 $1 {Strongly threatening Bf5.} Nxe5 21. Bxh6 g6 {And now ...Ng4 would win.} 22. f4 {[%cal Bf2f4,Bf4f5,Bf5g6][%mdl 32]} Ng4 23. Qxg4 Qxg4 24. Rxg4 Re2 25. Rc1 d4 26. f5 Rd8 27. Bd3 Rxb2 28. fxg6 f6 29. cxd4 c4 30. Be4 Rxd4 {[#]} 31. Re1 $1 Bxe4 32. Rgxe4 {Precision: White = 87%, Black = 44%.} 1-0

[Event "EICC 2017"]
[Site "Minsk"]
[Date "2017.06.08"]
[Round "9"]
[White "Djukic, Nikola"]
[Black "Koksal, Ege"]
[Result "1/2-1/2"]
[WhiteElo "2526"]
[BlackElo "2405"]
[Annotator "TA"]
[PlyCount "98"]
[EventDate "2017.??.??"]
[EventCountry "BLR"]
[SourceTitle "playchess.com"]
[Source "ChessBase"]
[SourceQuality "1"]

{[%evp 25,98,41,44,41,43,29,56,36,77,71,101,59,67,47,64,19,64,14,14,14,17,16,15,0,50,53,85,76,151,140,142,95,109,106,94,100,116,98,99,112,209,77,93,105,93,76,86,92,86,67,92,0,0,0,74,74,77,42,68,51,52,2,2,2,45,45,42,0,50,43,44,3,16,0,0]} 1. e4 e5 2. Nf3 Nc6 3. Bb5 a6 4. Ba4 Nf6 5. O-O Be7 6. Re1 b5 7. Bb3 d6 8. c3 O-O 9. h3 Na5 10. Bc2 c5 11. d4 Nd7 12. a4 Rb8 13. axb5 axb5 {LiveBook: 7 Games} 14. b3 {C96: Closed Ruy Lopez: Chigorin Defence: 11 d4, replies other than 11...Qc7} Qc7 15. d5 {[#]} Nb7 $146 ({Predecessor:} 15... c4 16. b4 Nb3 17. Bxb3 cxb3 18. Qxb3 f5 19. Bg5 Nb6 20. exf5 Rxf5 21. Bxe7 Qxe7 {1-0 (58) Leko,P (2732)-Karjakin,S (2775) Beijing 2012}) 16. Nbd2 {White is slightly better.} Nd8 17. Nf1 f6 18. Be3 Nf7 19. Qe2 Nb6 20. N3d2 Bd7 21. Bd3 f5 22. exf5 {And now c4 would win.} Nxd5 23. c4 Nb4 24. Be4 Bc6 25. Ng3 bxc4 26. bxc4 Bg5 ({Black should try} 26... Nd8) 27. Bxc6 $16 Nxc6 28. Nde4 Nd4 29. Bxd4 $1 cxd4 30. Qg4 $1 Bh6 31. f6 {Black must now prevent fxg7.} g6 32. Nf5 $1 {Strongly threatening Nexd6!} Rfd8 (32... Kh8 $16) 33. Ra6 (33. Ne7+ $18 {and White stays clearly on top.} Kh8 34. Qe6) 33... Bf8 34. Rea1 Qd7 {[#]} 35. Ne7+ $1 Bxe7 36. fxe7 Qxe7 {[#]} 37. c5 $1 {[%mdl 512]} Kg7 (37... dxc5 38. Re6) 38. cxd6 ({White should play} 38. Ra7 $16 Rb1+ 39. Kh2 (39. Rxb1 Qxa7 40. c6 Rf8 $16)) 38... Nxd6 $11 39. Nc5 Kg8 (39... Re8 $11) 40. Ra7 $16 {[%mdl 1024] White has strong compensation.} Nb7 41. Ne4 (41. R1a5 $5) 41... d3 42. Rb1 Kg7 43. Qf3 (43. h4 $5 {[%cal Rh4h5]}) 43... Rd7 44. Kh2 Nc5 (44... Rbd8 $5 {[%cal Rb7c5]}) 45. Rxd7 ({Not} 45. Rxb8 Rxa7 46. Nxc5 Qxc5 $17) 45... Nxd7 46. Rc1 Rf8 47. Qxd3 {Rc7 is the strong threat.} Nf6 48. Nc5 Rc8 49. Nb3 (49. Qb5 $5 {[%cal Rc5e6]} Kg8 50. Qc4+ Kh8 51. Qa6 Rxc5 52. Rxc5 Qxc5 53. Qxf6+ Kg8 54. h4 $11) 49... Rxc1 {Precision: White = 53%, Black = 40%.} 1/2-1/2